Los desafíos de la política energética argentina (Registro nro. 3040)

Detalles MARC
000 -LEADER
fixed length control field 01734 a2200253 4500
001 - CONTROL NUMBER
control field 39402
005 - DATE AND TIME OF LATEST TRANSACTION
control field 20260407155652.0
008 - FIXED-LENGTH DATA ELEMENTS--GENERAL INFORMATION
fixed length control field 260407a2016 arg spa d
003 - CONTROL NUMBER IDENTIFIER
control field AR-UNSa-BCEJYS
040 ## - CATALOGING SOURCE
Original cataloging agency AR-UNSa-BCEJYS
Language of cataloging spa
Transcribing agency AR-UNSa-BCEJYS
080 ## - UNIVERSAL DECIMAL CLASSIFICATION NUMBER
Universal Decimal Classification number 620.9
Common auxiliary subdivision Economía de la energía en general
020 ## - INTERNATIONAL STANDARD BOOK NUMBER
International Standard Book Number 978-987-02-9116-9
041 ## - LANGUAGE CODE
Language code of text/sound track or separate title spa
100 1# - MAIN ENTRY--PERSONAL NAME
Personal name Guzowski, Carina
245 10 - TITLE STATEMENT
Title Los desafíos de la política energética argentina
Name of part/section of a work panorama y propuestas
264 #1 - PRODUCTION, PUBLICATION, DISTRIBUTION, MANUFACTURE, AND COPYRIGHT NOTICE
Place of production, publication, distribution, manufacture Buenos Aires :
Name of producer, publisher, distributor, manufacturer Dunken
Date of production, publication, distribution, manufacture, or copyright notice 2016
300 ## - PHYSICAL DESCRIPTION
Extent 175 p.
Dimensions 22 cm.
505 ## - FORMATTED CONTENTS NOTE
Formatted contents note 1. Una visión integral del sector energético argentino: de las causas a las consecuencias de la ausencia de política energética de largo plazo - 2. Sector energético y medio ambiente: oportunidades en un contexto de cambio climático - 3. El bloqueo tecnológico en el sector eléctrico argentino: barreras a la difusión de las nuevas energías renovables - 4. Sistemas de innovación en tecnológias energeticas: una aproximación al caso de los biocombustibles liquidos en argentina - 5. Tratamiento de los residuos orgánicos agropecuarios y generación de biogas en Argentina - 6. Planeamiento y gobernanza en el desarrollo de las energías renovables para la inclusión social - 7. La Argentina en el nuevo escenario energético mundial. Una visión desde la geopolítica de la energía - 8. Los nuevos desafíos de las políticas públicas aplicadas al sistema energético ambiental argentino
590 ## - LOCAL NOTE (RLIN)
Local note niveau_biblio:m niveau_hierar:0
700 1# - ADDED ENTRY--PERSONAL NAME
Personal name Ibañez Martín, María María
700 1# - ADDED ENTRY--PERSONAL NAME
Personal name Rojas, Mara Leticia
856 41 - ELECTRONIC LOCATION AND ACCESS
Uniform Resource Identifier <a href="https://biblioeco.unsa.edu.ar/pmb/images/libros/politicaEnergetica.jpg">https://biblioeco.unsa.edu.ar/pmb/images/libros/politicaEnergetica.jpg</a>
Link text Imagen de portada
Electronic format type image/jpeg
942 ## - ADDED ENTRY ELEMENTS (KOHA)
Koha item type
Existencias
Withdrawn status Lost status Damaged status Not for loan Home library Current library Shelving location Date acquired Total checkouts Full call number Barcode Date last seen Price effective from Koha item type
        Biblioteca Prof. Eusebio Cleto del Rey Biblioteca Prof. Eusebio Cleto del Rey   07/04/2026   620.9 G993 L125777 07/04/2026 07/04/2026 Libro